000 00815nam a2200265Ia 4500
003 OSt
005 20221005093236.0
006 a|||||r|||| 00| 0
007 ta
008 221004b |||||||| |||| 00| 0 eng d
020 _a1400076528
_c877.4
024 _a81987
037 _b18708, 30/03/2005, Segment Book Distributors
_cTextual
040 _aCRL
_cCRL
_beng
041 _2eng
_aeng
082 _aO142,1L99w, 111P2
100 _aBinyon T. J.
_9618238
245 0 _aPushkin
_b A biography
260 _aNew York
_bVintage Books U. S. A.
_c2002
300 _a727p.
_ccm.
650 _a ENGLISH LITERATURE
650 _aPUSHKIN - BIOGRAPHY
_9618239
942 _hO142,1L99w, 111P2
_cTEXL
_2cc
999 _c1000045
_d1000045